Normal view
MARC view
- Priestly, J B.
Entry Personal Name
001 - CONTROL NUMBER
- control field: 4586
003 - CONTROL NUMBER IDENTIFIER
- control field: OSt
005 - DATE AND TIME OF LATEST TRANSACTION
- control field: 20200611160123.0
008 - FIXED-LENGTH DATA ELEMENTS
- fixed length control field: 200611|| aca||aabn | a|a d
040 ## - CATALOGING SOURCE
- Original cataloging agency: OSt
- Transcribing agency: OSt
100 ## - HEADING--PERSONAL NAME
- Personal name: Priestly, J B.
670 ## - SOURCE DATA FOUND
- Source citation: Work cat.: (OSt): Priestly, J B., Plays, Vol 2 / J B Priestly. Textual Documents
